[Event "Challenge"]
[Site "http://www.queenalice.com/game.php?id=291508"]
[Date "2007.10.23"]
[Round "-"]
[White "arrabi"]
[Black "cope"]
[Result "1-0"]
[WhiteElo "1689"]
[BlackElo "1756"]

1. e4 d5 2. exd5 Qxd5 3. Nf3 Bg4 4. Be2 h6 5. d3 e6 6. O-O Bd6 7. Nc3 Qh5 8. g3
f5 9. Re1 Nf6 10. Nd4 Kd7 11. Nxe6 Rg8 12. Nb5 Nc6 13. Nxd6 cxd6 14. Nf4 Qf7 15.
Bxg4 Nxg4 16. h3 Nge5 17. c3 g5 18. d4 Ng6 19. Ne6 b5 20. Qb3 a6 21. Nc5+ dxc5
22. Qxf7+ Nge7 23. d5 Rgf8 24. dxc6+ Kxc6 25. Qe6+ 1-0

[Event "AUTO-INT-517"]
[Site "http://www.queenalice.com/game.php?id=295236"]
[Date "2007.10.30"]
[Round "2"]
[White "carlosaude"]
[Black "cope"]
[Result "1-0"]
[WhiteElo "1642"]
[BlackElo "1797"]

1. e4 d5 2. Nc3 e6 3. Nf3 Bc5 4. Qe2 a6 5. d3 dxe4 6. Nxe4 Bb6 7. Bg5 f6 8. Be3
Ba5+ 9. c3 c6 10. g3 Ne7 11. Bg2 O-O 12. Nd4 e5 13. Nb3 Bc7 14. O-O Bf5 15. Nbc5
b6 16. Nb3 c5 17. Nxf6+ Rxf6 18. Bxa8 Bxd3 19. Qd2 Bxf1 20. Qxd8+ Bxd8 21. Kxf1
Rd6 22. f4 Nd7 23. Nd2 Rd3 24. Ke2 Rd6 25. Ne4 Rh6 26. h4 Nf5 27. Rd1 Nf6 28.
Rxd8+ Kf7 29. Nxf6 Rxf6 30. fxe5 Rg6 31. Bd5+ Ke7 32. Ra8 Rxg3 33. Bg5+ Kd7 34.
Ra7+ Kc8 35. e6 h6 36. e7 Nxe7 37. Bxe7 1-0

[Event "AUTO-INT-517"]
[Site "http://www.queenalice.com/game.php?id=295237"]
[Date "2007.10.30"]
[Round "2"]
[White "cope"]
[Black "carlosaude"]
[Result "1-0"]
[WhiteElo "1786"]
[BlackElo "1653"]

1. d4 d5 2. Nc3 Nf6 3. Nf3 g6 4. Bf4 Bg7 5. Nb5 Na6 6. e3 c6 7. Nc3 O-O 8. Bxa6
bxa6 9. h3 a5 10. Qd3 Rb8 11. Bxb8 Qd7 12. Be5 Qe6 13. Ng5 h6 14. Nxe6 Bxe6 15.
g4 Rd8 16. O-O-O h5 17. gxh5 Nxh5 18. Bxg7 Kxg7 19. Rdg1 f5 20. Qe2 Rh8 21. Rg5
Nf6 22. Rhg1 Bf7 23. Qa6 Rxh3 24. Qb7 Ng4 25. Qxe7 Rh2 26. f3 Nh6 27. Rxg6+ Kh8
28. Qf8+ Bg8 29. Qg7# 1-0

[Event "AUTO-INT-517"]
[Site "http://www.queenalice.com/game.php?id=295241"]
[Date "2007.10.30"]
[Round "2"]
[White "cope"]
[Black "Yunta"]
[Result "1/2-1/2"]
[WhiteElo "1824"]
[BlackElo "1589"]

1. d4 e6 2. e4 d5 3. e5 Nc6 4. Bb5 Bd7 5. Nf3 Be7 6. Nc3 f6 7. O-O fxe5 8. Nxe5
Nxe5 9. Qh5+ Ng6 10. Bd3 Nf6 11. Bxg6+ Kf8 12. Qh4 Be8 13. Bxe8 Qxe8 14. Qg3 Bd6
15. Qf3 h6 16. Nb5 Qxb5 17. b3 Ke8 18. Bf4 Rf8 19. Bxd6 cxd6 20. Rfe1 Kd7 21.
Qh3 Rae8 22. Re3 Ne4 23. f3 Ng5 24. Qg4 Rf6 25. Rae1 Qa5 26. a4 b5 27. h4 Nf7
28. Qxg7 Rf4 29. g3 Rxf3 30. R3e2 Qc3 31. Kg2 e5 32. dxe5 dxe5 33. Rd1 d4 34.
Qg4+ Kd6 35. Qxf3 Qxf3+ 36. Kxf3 bxa4 37. bxa4 a5 38. c3 e4+ 39. Kg2 d3 40. Re3
Kc5 41. Ree1 Nd6 42. Kf2 Nc4 43. Kg2 Nb2 44. Rd2 Nxa4 45. Rxd3 exd3 46. Rxe8
Nxc3 47. Rd8 Kc4 48. Kf1 a4 49. Ke1 a3 50. Kd2 a2 51. Ra8 Ne4+ 52. Kd1 Kb3 53.
Rb8+ 1/2-1/2

[Event "AUTO-INT-517"]
[Site "http://www.queenalice.com/game.php?id=295244"]
[Date "2007.10.30"]
[Round "2"]
[White "cope"]
[Black "uri65"]
[Result "1-0"]
[WhiteElo "1786"]
[BlackElo "1792"]

1. d4 d5 2. Nc3 g6 3. Bf4 Bg7 4. Nb5 Na6 5. e3 c6 6. Nc3 b6 7. Qf3 Nf6 8. h3 O-O
9. a3 Nc7 10. Bd3 Ba6 11. Bxc7 1-0

[Event "AUTO-INT-517"]
[Site "http://www.queenalice.com/game.php?id=295245"]
[Date "2007.10.30"]
[Round "2"]
[White "uri65"]
[Black "cope"]
[Result "1/2-1/2"]
[WhiteElo "1834"]
[BlackElo "1831"]

1. e4 d5 2. exd5 Qxd5 3. Nc3 Qa5 4. Nf3 Bg4 5. Be2 Nf6 6. O-O c6 7. d4 e6 8. a3
Qc7 9. Ne5 Bf5 10. Bf4 Bd6 11. Re1 Nbd7 12. Nxd7 Qxd7 13. Bxd6 Qxd6 14. Bd3 Bxd3
15. Qxd3 O-O 16. Ne4 Qe7 17. Nxf6+ Qxf6 18. Rad1 Rad8 19. Re4 Rd5 20. c3 Rfd8
21. b4 b5 22. g3 Qg5 23. f4 Qh6 24. c4 bxc4 25. Qxc4 Qh5 26. Rd3 Qf5 27. Re5
Rxe5 28. fxe5 Qe4 29. Kf2 Qh1 30. h4 Rf8 31. Rc3 Qd1 32. Qc5 Qd2+ 33. Kf3 f6 34.
Re3 fxe5+ 35. Ke4 exd4 36. Qxd4 Rd8 37. Qxd2 Rxd2 38. Rf3 Rd5 39. Rc3 a5 40.
Rxc6 axb4 41. Rxe6 Rb5 42. axb4 Rxb4+ 43. Kf3 Kf7 44. Re4 Rb5 45. g4 Kf6 46. Kf4
Rb1 47. Kg3 Rb3+ 48. Kf4 Rh3 49. g5+ Kg6 50. Kg4 Ra3 51. h5+ Kf7 52. Rf4+ Kg8
53. g6 Ra1 54. Rc4 hxg6 55. hxg6 Ra8 56. Rf4 1/2-1/2

[Event "Challenge"]
[Site "http://www.queenalice.com/game.php?id=297713"]
[Date "2007.11.3"]
[Round "-"]
[White "cope"]
[Black "Yunta"]
[Result "1-0"]
[WhiteElo "1775"]
[BlackElo "1645"]

1. d4 e6 2. e4 d5 3. e5 a6 4. Nf3 Be7 5. Nc3 h6 6. Qd3 c6 7. a3 g5 8. h3 f6 9.
h4 g4 10. Qg6+ Kd7 11. Qxg4 f5 12. Qg7 Nf6 13. exf6 1-0

[Event "Challenge"]
[Site "http://www.queenalice.com/game.php?id=315042"]
[Date "2007.12.4"]
[Round "-"]
[White "cope"]
[Black "Stegyre"]
[Result "1-0"]
[WhiteElo "1815"]
[BlackElo "1851"]

1. d4 d5 2. Bf4 e6 3. Nc3 Nf6 4. e3 Bd7 5. Bb5 c6 6. Ba4 b5 7. Bb3 b4 8. Na4 Qa5
9. c3 c5 10. dxc5 bxc3 11. Nxc3 Bxc5 12. Ne2 O-O 13. O-O Qd8 14. Be5 Nc6 15. Bd4
Nxd4 16. Nxd4 Qb8 17. Qf3 Bd6 18. g3 a5 19. Rab1 a4 20. Bc2 Qa7 21. Bd3 Qa5 22.
Ncb5 Bxb5 23. Nxb5 Be7 24. Rfd1 e5 25. Be2 Rfd8 26. Qf5 e4 27. Nd4 Qb6 28. Rdc1
Bc5 29. Nb5 g6 30. Qf4 Kg7 31. Rd1 Ra5 32. Nd4 Bd6 33. Qg5 Be7 34. Nf5+ Kf8 35.
Nxe7 Kxe7 36. b4 axb3 37. Rxb3 Qd6 38. Rdb1 Rda8 39. Rb6 h6 40. Qxh6 Qe5 41.
Rb7+ Nd7 42. Bg4 R8a7 43. Bxd7 Rxb7 44. Rxb7 Qa1+ 45. Kg2 Ra8 46. Bb5+ Kf6 47.
Qf4+ Kg7 48. Qxf7+ Kh6 49. Qh7+ Kg5 50. Qh4+ Kf5 51. Bd7+ Ke5 52. Qf4# 1-0

[Event "QA-ANNIV-03"]
[Site "http://www.queenalice.com/game.php?id=316048"]
[Date "2007.12.6"]
[Round "4"]
[White "cope"]
[Black "SGrillo"]
[Result "1-0"]
[WhiteElo "1802"]
[BlackElo "1729"]

1. d4 d5 2. Bf4 h6 3. Nc3 c6 4. Nf3 Bg4 5. e3 Bxf3 6. Qxf3 e6 7. Qg3 Nf6 8. Be2
Nh7 9. Bd3 Nd7 10. a3 Ndf6 11. Be5 Rg8 12. h4 Nd7 13. Bxh7 Rh8 14. Bd3 Nxe5 15.
Qxe5 a6 16. Be2 Qe7 17. Na4 Rd8 18. Nc5 f6 19. Bh5+ g6 20. Bxg6+ 1-0

[Event "Challenge"]
[Site "http://www.queenalice.com/game.php?id=319796"]
[Date "2007.12.14"]
[Round "-"]
[White "cope"]
[Black "carlosaude"]
[Result "1-0"]
[WhiteElo "1832"]
[BlackElo "1650"]

1. d4 d5 2. Bf4 Nf6 3. Nc3 g6 4. e3 Bg7 5. h3 a6 6. Qf3 O-O 7. Bd3 Nc6 8. a3 b5
9. Nge2 b4 10. Na4 e6 11. Bg5 a5 12. Nc5 bxa3 13. Rxa3 e5 14. Bb5 e4 15. Qf4 Nb4
16. Kd2 c6 17. Ba4 Ra7 18. c3 Na6 19. Bxc6 Nxc5 20. dxc5 Ra6 21. Nd4 Nh5 22.
Bxd8 Nxf4 23. Be7 Bxd4 24. Bxf8 Kxf8 25. cxd4 Nd3 26. Bxd5 Nxf2 27. Rf1 Rf6 28.
Ke2 Ba6+ 29. Ke1 Nd3+ 30. Rxd3 Rxf1+ 31. Kxf1 exd3 32. Ke1 f5 33. Kd2 Ke7 34.
Ba2 h5 35. Bb1 Bb7 36. g3 g5 37. Bxd3 Kf6 38. Ke2 h4 39. Kf2 Ke6 40. Bc4+ Ke7
41. d5 hxg3+ 42. Kxg3 Kd8 43. h4 gxh4+ 44. Kxh4 Bc8 45. Kg5 Kc7 46. Kf6 a4 47.
Bb5 Bb7 48. d6+ Kd8 49. c6 Bxc6 50. Bxc6 Kc8 51. Ke7 Kb8 52. d7 Kc7 53. Bxa4 Kb6
54. d8=Q+ Kc5 55. Qd4# 1-0

[Event "Let's Play Chess!"]
[Site "http://www.queenalice.com/game.php?id=326905"]
[Date "2007.12.28"]
[Round "-"]
[White "cope"]
[Black "lucianovdemelo"]
[Result "1-0"]
[WhiteElo "1822"]
[BlackElo "1460"]

1. d4 d5 2. Bf4 Nc6 3. Nc3 Nf6 4. Nb5 e5 5. dxe5 Nd7 6. e6 fxe6 7. Nxc7+ Ke7 8.
Bg5+ Nf6 9. Nxa8 Bd7 10. c3 Qxa8 11. Qb3 Kd8 12. Nf3 Bd6 13. e3 Rf8 14. Nd4 Nxd4
15. Qd1 Nf5 16. Bd3 Ne7 17. Bxf6 gxf6 18. Qh5 b5 19. Qxh7 e5 20. Qg7 Rg8 21.
Qxf6 Bc7 22. Rg1 Bc6 23. f3 Rg6 24. Bxg6 Qb7 25. Qf8+ Kd7 26. Be8+ Kd6 27. Qf6+
Kc5 28. Qxe7+ Bd6 29. Qxb7 Bxb7 30. b4+ Kc4 31. Kd2 a6 32. g4 Bf8 33. g5 e4 34.
Rg4 Be7 35. Bf7 Bc8 36. Rxe4# 1-0

[Event "Challenge"]
[Site "http://www.queenalice.com/game.php?id=326906"]
[Date "2007.12.28"]
[Round "-"]
[White "cope"]
[Black "chuckvondra"]
[Result "0-1"]
[WhiteElo "1842"]
[BlackElo "1986"]

1. d4 d5 2. Bf4 e6 3. Nc3 Bb4 4. e3 a6 5. Ne2 Nf6 6. a3 Be7 7. h3 O-O 8. Be5 Nc6
9. Bh2 b5 10. g4 Bd6 11. Qd3 Bxh2 12. Rxh2 Qd6 13. Rg2 e5 14. f3 Bb7 15. h4 e4
16. fxe4 dxe4 17. Qd2 Bc8 18. g5 Nh5 19. Nxe4 Qe7 20. N4g3 Nxg3 21. Rxg3 Bf5 22.
Qc3 Nd8 23. h5 Ne6 24. O-O-O Nxg5 25. Bg2 Be4 26. Rxg5 Qxg5 27. Bxe4 Rae8 28.
Qd3 g6 29. Rg1 Qxh5 30. Nf4 Qh2 31. Rh1 Qg3 32. b4 c6 33. Kb2 Re7 34. Rh3 Qg4
35. Bxc6 Rc7 36. Bd5 Re8 37. Rf3 Rec8 38. Rf2 Qg5 39. Bb3 Qg3 40. Rf1 Rc3 41.
Qe4 Qxe3 42. Qd5 R3c7 43. Nd3 Rxc2+ 44. Bxc2 Rxc2+ 45. Kxc2 Qe2+ 46. Kc3 Qxf1
47. Qa2 h5 48. d5 h4 49. d6 Qf6+ 50. Kb3 Qe6+ 51. Kb2 Qe2+ 52. Ka1 Qxd3 53. Qh2
Qxa3+ 54. Kb1 Qxb4+ 55. Ka2 Qd4 56. Kb3 a5 57. d7 Qxd7 58. Qb8+ Kh7 59. Qf4 Qe6+
60. Kb2 Kg7 61. Ka3 Qf6 62. Qe3 Qa1+ 63. Kb3 b4 64. Qf4 Qc3+ 65. Ka4 b3 0-1

[Event "Challenge"]
[Site "http://www.queenalice.com/game.php?id=337349"]
[Date "2008.1.16"]
[Round "-"]
[White "cope"]
[Black "patoche"]
[Result "0-1"]
[WhiteElo "1841"]
[BlackElo "1759"]

1. d4 d5 2. Bf4 Nc6 3. Nc3 f6 4. Nb5 e5 5. dxe5 fxe5 6. Bg3 a6 7. Nc3 Nf6 8. Bh4
Bb4 9. a3 Bxc3+ 10. bxc3 Be6 11. e3 O-O 12. h3 Qd7 13. Nf3 Ne4 14. c4 d4 15.
exd4 exd4 16. Bd3 Nc3 17. Qd2 Rae8 18. Kf1 Rxf3 19. gxf3 Bxh3+ 20. Kg1 Ne5 21.
Qf4 Nxd3 22. Qg5 Ne5 23. Qh5 Ne2+ 24. Kh2 Nf4 25. Qxe8+ Qxe8 26. Kg3 Qh5 27.
Kxf4 Qxh4+ 28. Kxe5 Qf6+ 29. Ke4 Bf5+ 30. Kf4 Bxc2+ 31. Kg3 Qg5+ 32. Kh2 d3 33.
Rac1 Qxc1 34. Rxc1 d2 35. Ra1 d1=Q 36. Rxd1 Bxd1 37. Kg3 Bb3 38. c5 Kf7 0-1

[Event "Challenge"]
[Site "http://www.queenalice.com/game.php?id=341616"]
[Date "2008.1.23"]
[Round "-"]
[White "cope"]
[Black "patoche"]
[Result "0-1"]
[WhiteElo "1844"]
[BlackElo "2055"]

1. d4 d5 2. Bf4 Nc6 3. Nc3 f6 4. h3 e5 5. dxe5 fxe5 6. Bh2 Bb4 7. a3 Bxc3+ 8.
bxc3 Nf6 9. e3 O-O 10. Bd3 Qe7 11. Ne2 Be6 12. Ng3 Qc5 13. Qd2 Rad8 14. O-O Ne4
15. Bxe4 dxe4 16. Qe1 Bc4 17. Ne2 Qb5 18. Ng3 Bxf1 19. Nxf1 Qc4 20. Rb1 b6 21.
Rb3 Rd6 22. Rb1 Rfd8 23. Bg3 Qa2 24. Rc1 Qxa3 25. Kh2 Qc5 26. Bh4 a5 27. Ng3 Qd5
28. Nf5 Qd2 29. Qf1 Qxc3 30. Qe2 Qd2 31. Qc4+ Qd5 32. Qa6 Qe6 33. Nxd6 Rxd6 34.
Qa8+ Kf7 35. Qb7 Qd7 36. Qa6 Rd2 37. Qb5 Qd5 38. Qa6 Nb4 39. Qc8 Qd7 40. Qh8 Qf5
41. Qb8 Qd7 42. Qh8 h6 43. Qh7 Qc6 44. Qf5+ Kg8 45. Qc8+ Kh7 46. Bg3 Qd7 47. Qf8
Qe6 48. Qa8 Nc6 49. Bh4 g5 50. Bg3 Rd8 51. Qa6 Nb4 52. Qb5 c5 53. Qe2 Nc6 54.
Rb1 Nb4 55. c3 Nd3 56. Rd1 b5 57. f3 c4 58. fxe4 b4 59. cxb4 axb4 60. Be1 Rb8
61. Bd2 b3 62. Bc3 Rf8 63. Ra1 Rf2 64. Qh5 b2 65. Rb1 Rc2 66. Rf1 Rxc3 67. Rf7+
Kg8 68. Rb7 Rb3 69. Rc7 b1=Q 70. h4 Qf1 71. hxg5 Rb2 0-1

[Event "Challenge"]
[Site "http://www.queenalice.com/game.php?id=344865"]
[Date "2008.1.29"]
[Round "-"]
[White "Gera"]
[Black "cope"]
[Result "0-1"]
[WhiteElo "1812"]
[BlackElo "1827"]

1. d4 d5 2. e3 Bf5 3. Nf3 a6 4. Bd2 Nc6 5. c4 e6 6. a3 Nf6 7. cxd5 exd5 8. Nc3
Bd6 9. Be2 O-O 10. O-O Be4 11. b4 Bxf3 12. Bxf3 Ne4 13. Nxe4 dxe4 14. Bxe4 Bxh2+
15. Kxh2 Qh4+ 16. Kg1 Qxe4 17. Bc3 Rad8 18. Qd2 Rd5 19. f3 Qh4 20. Qf2 Qh5 21.
e4 Rd6 22. g3 Rh6 23. Qg2 Rg6 24. g4 Qb5 25. Rfc1 Qd3 26. d5 Nd4 27. Bxd4 Qxd4+
28. Qf2 Qe5 29. Rd1 Rd8 30. Qh4 f6 31. Ra2 Rh6 32. Qf2 Rh3 33. Rad2 Qf4 34. Rd3
Qh6 35. Qg2 Qh4 36. f4 Rxd3 37. Rxd3 Qe1+ 38. Kh2 Rd6 39. Rh3 c6 40. Qc2 Qf1 41.
f5 Qf4+ 42. Rg3 h6 43. Qd3 cxd5 44. exd5 Qe5 45. Qc4 Rxd5 46. Kh3 Kh7 47. Qc8
Qe7 48. Qe6 Qxe6 49. fxe6 Re5 50. Rd3 Rxe6 51. Kg3 Kg6 52. Kf4 Re1 0-1

[Event "Challenge"]
[Site "http://www.queenalice.com/game.php?id=346842"]
[Date "2008.2.1"]
[Round "-"]
[White "Mike36bh"]
[Black "cope"]
[Result "0-1"]
[WhiteElo "1727"]
[BlackElo "1815"]

1. d4 d5 2. Nc3 Bf5 3. Bf4 a6 4. h3 Nc6 5. a3 e6 6. Nf3 Qf6 7. Be5 Qg6 8. Bxc7
Bxc2 9. Qd2 Bb3 10. e3 Nge7 11. Ne5 Nxe5 12. Bxe5 Nc6 13. Ne2 Qg5 14. Bf4 Qd8
15. Nc1 Qb6 16. Bd3 Be7 17. O-O Rc8 18. Be5 Nxe5 19. dxe5 Ba4 20. Rb1 Bg5 21. b3
Bc6 22. a4 d4 23. Re1 Rd8 24. a5 Qa7 25. b4 dxe3 26. fxe3 Rd5 27. Qf2 Rxe5 28.
Kh1 Bxe3 29. Qb2 Bd4 30. Qd2 Rh5 31. Nb3 Rxh3# 0-1

[Event "Challenge"]
[Site "http://www.queenalice.com/game.php?id=352087"]
[Date "2008.2.10"]
[Round "-"]
[White "Aldo2020"]
[Black "cope"]
[Result "0-1"]
[WhiteElo "1460"]
[BlackElo "1842"]

1. e4 d5 2. Qf3 Nf6 3. Nc3 e5 4. exd5 Bb4 5. Bb5+ Nbd7 6. Qf5 O-O 7. Bd3 Nc5 8.
Qxe5 Re8 9. Nf3 Rxe5+ 10. Nxe5 Bxc3 11. bxc3 Qxd5 12. Nf3 Nxd3+ 13. cxd3 Qxd3
14. Kd1 Bd7 15. Ne5 Ba4+ 16. Ke1 Re8 17. f4 Ng4 18. Rf1 Qe4# 0-1

[Event "Challenge"]
[Site "http://www.queenalice.com/game.php?id=352096"]
[Date "2008.2.10"]
[Round "-"]
[White "joaohumberto"]
[Black "cope"]
[Result "0-1"]
[WhiteElo "1498"]
[BlackElo "1836"]

1. d4 d5 2. Nf3 Bf5 3. Nbd2 Nc6 4. Ne5 Nb4 5. c3 Bc2 6. a3 Bxd1 7. axb4 Bc2 8.
e4 Bxe4 9. Nxe4 dxe4 10. Bd2 c6 11. O-O-O e6 12. Re1 f5 13. h4 Bd6 14. Bg5 Nf6
15. c4 Bxb4 16. Re3 Qa5 17. g4 Bd2+ 18. Kc2 Bxe3 19. fxe3 h6 20. Bxf6 gxf6 21.
gxf5 fxe5 22. fxe6 Rf8 23. Be2 Rf2 24. Kd1 Qa1+ 25. Kd2 Qxb2+ 26. Kd1 Qxe2+ 27.
Kc1 Qc2# 0-1

[Event "Challenge"]
[Site "http://www.queenalice.com/game.php?id=357969"]
[Date "2008.2.20"]
[Round "-"]
[White "cope"]
[Black "patoche"]
[Result "0-1"]
[WhiteElo "1831"]
[BlackElo "2079"]

1. d4 Nf6 2. Nf3 e6 3. Bg5 d5 4. c3 Nbd7 5. e3 Bd6 6. Bb5 c6 7. Ba4 O-O 8. Qd3
e5 9. dxe5 Nxe5 10. Nxe5 Bxe5 11. Bc2 g6 12. h4 Bf5 13. Qe2 Bxc2 14. Qxc2 Re8
15. h5 Qd6 16. hxg6 fxg6 17. Nd2 Nd7 18. O-O-O b5 19. Rh4 a5 20. Rdh1 Nf8 21.
Bh6 Bg7 22. Nf3 Ra7 23. Bf4 Qf6 24. g4 b4 25. g5 Qf7 26. Nd4 Qd7 27. Qa4 c5 28.
Qxd7 Rxd7 29. Ne2 d4 30. cxd4 cxd4 31. Rd1 Rc8+ 32. Kb1 d3 33. Nd4 Bxd4 34. exd4
Rxd4 35. Bg3 Rxh4 36. Bxh4 Rd8 37. Kc1 Ne6 38. Kd2 Rd5 39. Rg1 Rd4 40. Bg3 Nxg5
41. Ke3 Rd5 42. Rd1 d2 43. f4 Ne6 44. Rxd2 Rf5 45. Ke4 Nc5+ 46. Kf3 Kf7 47. Bh4
h6 48. Kg4 h5+ 49. Kf3 Ne6 50. Bg3 g5 51. Ke4 Kf6 52. fxg5+ Nxg5+ 53. Kd4 Nf3+
54. Ke3 Nxd2 55. Kxd2 Kg5 0-1

[Event "Challenge"]
[Site "http://www.queenalice.com/game.php?id=357972"]
[Date "2008.2.20"]
[Round "-"]
[White "patoche"]
[Black "cope"]
[Result "1-0"]
[WhiteElo "2053"]
[BlackElo "1838"]

1. e4 d5 2. exd5 Qxd5 3. Nc3 Qa5 4. d4 e6 5. Nf3 Nf6 6. Bd3 Bb4 7. Bd2 Nc6 8.
O-O Qh5 9. Ne4 Nxe4 10. Bxe4 Bxd2 11. Qxd2 Qg4 12. Rfe1 Bd7 13. d5 Ne7 14. Ne5
Qh4 15. Nxd7 Kxd7 16. dxe6+ Kc8 17. Qd7+ Kb8 18. exf7 Ng6 19. Bxg6 1-0